000 00511nam a2200193Ia 4500
005 20250326141214.0
008 250326s9999 xx 000 0 und d
037 _aTextbook
040 _aFMSL
_beng
_cFMSL
041 _aeng
_2eng
084 _qFMSL
100 _aJohannsen H
_9737679
245 0 _aInternational dictionary of management
_cJohannsen H; Page G T
250 _aEd 5th
260 _aLondon
_bLondon, Kogan Page Ltd.
_c1995
300 _a375p
942 _cTB
999 _c1289213
_d1289213